Movies Quiz

Random Movies or Oscar Quiz

Oscar-Nominated Historical Event Quiz Stats

 Plays Quiz Updated Mar 24, 2018

Score 0/20 Timer 05:00
5 Plays Today
Question Answer Wrong Answers
The sinking of the Titanic Titanic (1997)
94.4%
A Night to Remember
1.9%
Raise the Titanic
0.3%
The Unsinkable Molly Brown
0.8%
The D-Day Invasion of Normandy Saving Private Ryan
94.1%
Where Eagles Dare
1.9%
The Big Red One
0.8%
Storming Juno
0.6%
The Holocaust Schindler's List
91.9%
The Boy in the Striped Pajamas
2.2%
Sophie's Choice
3%
Train of Life
0.2%
The life of Abraham Lincoln Lincoln (2012)
90.4%
Young Mr. Lincoln
5.2%
The Lincoln Conspiracy
1%
Abraham Lincoln: Vampire Hunter
0.6%
Segregation in the American South To Kill a Mockingbird
88.6%
The Long Walk Home
3.4%
42
2.2%
Loving
3.1%
The life of Moses The Ten Commandments
88.1%
Exodus: Gods and Kings
2.8%
The Prince of Egypt
6%
Moses the Lawgiver
0.5%
The Olympic Games Chariots of Fire
88%
Miracle
4.1%
Eddie the Eagle
1.3%
Cool Runnings
3.8%
World War II: African theater Casablanca
85.6%
The Desert Fox
5.8%
The Tuskegee Airmen
2.2%
Sahara (1943)
3.7%
The North American slave trade 12 Years A Slave
84.5%
Amistad
9.7%
Uncle Tom's Cabin
1.3%
The Birth of a Nation
1.9%
World War I All Quiet on the Western Front
76.2%
The African Queen
14.6%
Legends of the Fall
2.9%
East of Eden
3.6%
The American Civil War Gone with the Wind
75.5%
The Red Badge of Courage
1.9%
Gettysburg
4.6%
Glory
15.4%
The Battle of the Alamo The Alamo
71.2%
Davy Crockett: King of the Wild Frontier
5%
Heroes of the Alamo
4.2%
The Last Command
16.9%
The 1930s New York Yankees Pride of the Yankees
70.6%
The Babe
7.5%
The Babe Ruth Story
7.2%
Damn Yankees
11.9%
The Vietnam War Platoon
70.5%
Full Metal Jacket
14.5%
Good Morning, Vietnam
11.8%
Hamburger Hill
0.6%
Barnum & Bailey's Circus The Greatest Show on Earth
68.9%
The Greatest Showman
25.7%
The Big Circus
2.1%
Killer Klowns from Outer Space
0.5%
The Korean War M*A*S*H
65.1%
War is Hell
6.2%
Pork Chop Hill
8.8%
The Bridges at Toko-Ri
17.3%
The life of Henry VIII A Man for All Seasons
63%
The Other Boleyn Girl
22.4%
The Prince and the Pauper (1962)
5.8%
Henry VIII and His Six Wives
6%
The Japanese attack on Pearl Harbor From Here to Eternity
55.3%
Pearl Harbor
22%
Tora! Tora! Tora!
19.4%
The Final Countdown
0.7%
The terrorist attacks of 9-11 Extremely Loud & Incredibly Close
47.8%
World Trade Center
11.5%
United 93
34.6%
Reign Over Me
3.6%
The Cold War Good Night, and Good Luck
37.5%
The Hunt for Red October
19.7%
Fail Safe
1.9%
The Manchurian Candidate (1962)
38.3%

You're not logged in!

Compare scores with friends on all Sporcle quizzes.
OR
Log In

Sporcle TV

Today on Sporcle TV


Watch our educational content, quiz creation guides, and fun videos on Sporcle TV.

Show Comments

Extras

Top Quizzes Today


Score Distribution

Your Account Isn't Verified!

In order to create a playlist on Sporcle, you need to verify the email address you used during registration. Go to your Sporcle Settings to finish the process.

Report this User

Report this user for behavior that violates our Community Guidelines.

Details: